Histoire des arts décoratifs des origines áa nos jours / (Record no. 107457)

MARC details
000 -LEADER
campo de control de longitud fija 00779nam a2200217 i 4500
001 - NÚMERO DE CONTROL
campo de control 107457
003 - IDENTIFICADOR DE NÚMERO DE CONTROL
campo de control ES-MaACL
005 - FECHA Y HORA DE LA ÚLTIMA TRANSACCIÓN
campo de control 20230906184427.0
007 - CAMPO FIJO DE DESCRIPCIÓN FÍSICA--INFORMACIÓN GENERAL
campo de control de longitud fija t|
008 - DATOS DE LONGITUD FIJA--INFORMACIÓN GENERAL
campo de control de longitud fija 061121s1978 fr |||| | fre d
100 1# - ENTRADA PRINCIPAL--NOMBRE DE PERSONA
Nombre de persona Morant, Henry de.
9 (RLIN) 83139
245 10 - MENCIÓN DEL TÍTULO
Título Histoire des arts décoratifs des origines áa nos jours /
Mención de responsabilidad, etc. [par] Henry de Morant, suivie de le desingn et les tendances actuelles / par Gérald Gassiot-Talabot.
260 ## - PUBLICACIÓN, DISTRIBUCIÓN, ETC.
Lugar de publicación, distribución, etc. París :
Nombre del editor, distribuidor, etc. Hachette,
Fecha de publicación, distribución, etc. 1978.
300 ## - DESCRIPCIÓN FÍSICA
Extensión 574 p. 24 láms. col :
Otras características físicas il ;
Dimensiones 25.
490 1# - MENCIÓN DE SERIE
Mención de serie Bibliothèque des Guides Bleus
650 14 - PUNTO DE ACCESO ADICIONAL DE MATERIA--TÉRMINO DE MATERIA
Término de materia o nombre geográfico como elemento de entrada Artes decorativas-
Subdivisión de forma Historia.
9 (RLIN) 10340
700 1# - ENTRADA AGREGADA--NOMBRE PERSONAL
Nombre de persona Gassiot-Talabot, Gérald.
9 (RLIN) 55918
830 0# - PUNTO DE ACCESO ADICIONAL DE SERIE-TÍTULO UNIFORME
Título uniforme Bibliothèque des Guides Bleus
9 (RLIN) 232900
852 ## - LOCALIZACIÓN
Ubicación ES-MaACL
Número de control de estantería A-9771
Holdings
Estatus retirado Estado de pérdida Estado de daño No para préstamo Biblioteca de origen Biblioteca actual Ubicación en estantería Fecha de adquisición Fuente de adquisición Total de préstamos Signatura topográfica completa Código de barras Visto por última vez Precio de reemplazo Tipo de ítem Koha
        Biblioteca del Ateneo de Madrid Biblioteca del Ateneo de Madrid Depósito 1 17/01/2008     A-9771 1112147 23/02/2023 23/02/2023 Libro impreso